Normal view MARC view

Entry Meeting Name

Number of records used in: 1

001 - CONTROL NUMBER

  • control field: 12500

003 - CONTROL NUMBER IDENTIFIER

  • control field: TZ-ArACH

005 - DATE AND TIME OF LATEST TRANSACTION

  • control field: 20130710103418.0

008 - FIXED-LENGTH DATA ELEMENTS

  • fixed length control field: 130710|||a|||||| | ||| d

040 ## - CATALOGING SOURCE

  • Original cataloging agency: TZ-ArACH
  • Transcribing agency: TZ-ArACH

111 ## - HEADING--MEETING NAME

  • Meeting name or jurisdiction name as entry element: Société française pour le droit international.
  • Number of part/section/meeting: Colloque
  • Number of part/section/meeting: (42 :
  • Date of meeting: 2008 :
  • Location of meeting: Bruxelles)

670 ## - SOURCE DATA FOUND

  • Source citation: Work cat.: (TZ-ArACH)2474: Société française pour le droit international. Colloque (42 : 2008 : Bruxelles) aut, État de droit en droit international : Colloque de Bruxelles /, 2009

670 ## - SOURCE DATA FOUND

  • Source citation: Work cat.: (TZ-ArACH)2474: Société française pour le droit international. Colloque (42 : 2008 : Bruxelles) aut, État de droit en droit international : Colloque de Bruxelles /, 2009

African Court on Human and Peoples' Rights | For Inquiries Contact » +255 272 510 510